Loreto College Library, Kolkata
WEBOPAC (ONLINE PUBLIC ACCESS CATALOGUE)

Julius Caesar (Record no. 21995)

MARC details
000 -LEADER
fixed length control field 00574nam a2200205Ia 4500
008 - FIXED-LENGTH DATA ELEMENTS--GENERAL INFORMATION
fixed length control field 131103s9999 xx 000 0 und d
040 ## - CATALOGING SOURCE
Original cataloging agency Loreto College
041 ## - LANGUAGE CODE
Language code English
082 ## - DDC | ডিউই
Classification number | বর্গসংখ্যা 822.33(ID)/JUL/URE
Book Number | গ্রন্থাঙ্ক LCLIB/17183,19022,17614
245 ## - TITLE STATEMENT | অাখ্যা বিবরণী
Title | অাখ্যা Julius Caesar
Statement of responsibility | লেখকের দায়িত্বের বিবরণ Edited by Peter Ure
260 ## - IMPRINT | প্রকাশনা ক্ষেত্র
Place of publication | প্রকাশ স্থান London
Name of publisher | প্রকাশকের নাম Macmillan
Date of publication | প্রকাশ কাল 1969
300 ## - PHYSICAL DESCRIPTION |
Page / Vol. No | পৃষ্ঠা / খন্ড সংখ্যা 264p.
440 ## - SERIES STATEMENT |গ্রন্থমালা
Series Title | গ্রন্থমালা অাখ্যা A casebook
504 ## - BIBLIOGRAPHY, ETC. NOTE
Bibliography, etc Includes index
650 ## - SUBJECT ADDED ENTRY--TOPICAL TERM | বিষয় শিরোনাম - মূল বিষয়
Topical term | মূল বিষয় Shakespeare, William - criticism
651 ## - SUBJECT ADDED ENTRY--GEOGRAPHIC NAME | বিষয় শিরোনাম - ভৌগলিক নাম
Geographic name | ভৌগলিক বিষয় English Drama
700 ## - ADDED ENTRY--PERSONAL NAME | অতিরিক্ত সংলেখ - ব্
Personal name | ব্যাক্তিনাম Ure, Peter; ed.
850 ## - HOLDING INSTITUTION
Holding institution LCLIB/822.33(ID)/JUL/URE
942 ## - ADDED ENTRY ELEMENTS (KOHA)
Koha item type Books
Holdings
Withdrawn status Lost status Damaged status Not for loan Home library Current library Date acquired Total Checkouts Full call number Accession No. Date last seen Price effective from Koha item type Date checked out
        Loreto College Loreto College 04/11/2013   822.33(ID)/JUL/URE LCLIB/17183,19022,17614 B24272 04/11/2013 04/11/2013 Books  
        Loreto College Loreto College 04/11/2013   822.33(ID)/JUL/URE LCLIB/17183,19022,17614 B24275 04/11/2013 04/11/2013 Books  
        Loreto College Loreto College 04/11/2013 1 822.33(ID)/JUL/URE LCLIB/17183,19022,17614 B24276 27/11/2017 04/11/2013 Books 27/11/2017